[Event "GER-chT U20"]
[Site "Magdeburg"]
[Date "2023.12.28"]
[Round "4.6"]
[White "Jagodzinsky, Lukas"]
[Black "Sayouf, Rafif"]
[Result "1/2-1/2"]
[WhiteElo "1449"]
[BlackElo "1346"]
[PlyCount "94"]
[EventDate "2023.12.26"]
[EventType "team-swiss"]
[EventRounds "7"]
[EventCountry "GER"]
[SourceTitle "CB03_2024"]
[SourceDate "2024.01.17"]
[SourceVersion "1"]
[SourceVersionDate "2024.01.17"]
[SourceQuality "1"]
[WhiteTeam "Hemer"]
[BlackTeam "Chemnitz USG"]
[WhiteTeamCountry "GER"]
[BlackTeamCountry "GER"]

1. d4 d5 2. c4 e6 3. Nc3 Nf6 4. cxd5 Nxd5 5. e4 Nf6 6. Nf3 Bb4 7. Bd3 0-0 8. 0-0 Nc6 9. e5 Nd5 10. Bxh7+ Kh8 11. Nxd5 exd5 12. Bc2 Bg4 13. Qd3 g6 14. Be3 Bxf3 15. gxf3 Kg7 16. Kg2 Rh8 17. Rh1 Qe7 18. Kf1 Rh3 19. Ke2 Rah8 20. Rag1 Rxh2 21. Rxh2 Rxh2 22. Qb5 Qe6 23. Bb3 Ba5 24. Bxd5 a6 25. Qxc6 bxc6 26. Bxe6 fxe6 27. Rc1 c5 28. Rxc5 Bb6 29. Rc6 Kf7 30. b4 Rh1 31. Rc1 Rxc1 32. Bxc1 Bxd4 33. Bf4 Bc3 34. a3 Bb2 35. a4 Bc3 36. b5 axb5 37. axb5 Ke7 38. Kd3 Bb2 39. Kc4 Kd7 40. Bg3 Kc8 41. Kc5 Kb7 42. Bf4 Ba3+ 43. Kc4 Kc8 44. Kb3 Bc5 45. Be3 Bf8 46. Kc4 Kb7 47. Bd4 Bh6 1/2-1/2

[Event "GER-chT U20"]
[Site "Magdeburg"]
[Date "2023.12.28"]
[Round "3.4"]
[White "Sayouf, Rafif"]
[Black "Kolzenburg, Jan Niklas"]
[Result "0-1"]
[WhiteElo "1346"]
[BlackElo "1621"]
[PlyCount "120"]
[EventDate "2023.12.26"]
[EventType "team-swiss"]
[EventRounds "7"]
[EventCountry "GER"]
[SourceTitle "CB03_2024"]
[SourceDate "2024.01.17"]
[SourceVersion "1"]
[SourceVersionDate "2024.01.17"]
[SourceQuality "1"]
[WhiteTeam "Chemnitz USG"]
[BlackTeam "Neuberg"]
[WhiteTeamCountry "GER"]
[BlackTeamCountry "GER"]

1. e4 e5 2. Nf3 Nf6 3. Nc3 Nc6 4. Bc4 Bb4 5. Nd5 d6 6. c3 Ba5 7. d3 h6 8. Be3 0-0 9. h3 Nxd5 10. Bxd5 Ne7 11. Bb3 c6 12. d4 exd4 13. Nxd4 d5 14. Bc2 dxe4 15. Bxe4 Nd5 16. Bxd5 Qxd5 17. Nf3 Qb5 18. Qe2 Qxe2+ 19. Kxe2 Re8 20. Rhe1 Be6 21. Kf1 Bd5 22. Nd2 Re6 23. b4 Bc7 24. Bd4 Rae8 25. Rxe6 Bxe6 26. Re1 Bf4 27. Be3 Bxe3 28. Rxe3 Rd8 29. Ke2 Kf8 30. a3 b6 31. g4 g5 32. f3 Kg7 33. Rd3 Rc8 34. Ke3 c5 35. f4 Re8 36. Kf3 cxb4 37. cxb4 Re7 38. f5 Bc8 39. Kf2 Rd7 40. Rxd7 Bxd7 41. Kg3 Kf6 42. Nc4 Ke7 43. h4 f6 44. hxg5 hxg5 45. Kf3 Bb5 46. Ne3 Bc6+ 47. Ke2 Kd6 48. Nc2 Ke5 49. Ke3 Ba4 50. Nd4 Kd5 51. Kd3 Bd1 52. Nb5 Bxg4 53. Nxa7 Bxf5+ 54. Kc3 Bd7 55. b5 f5 56. a4 g4 57. Kd3 g3 58. Ke3 f4+ 59. Kf3 Kd6 60. a5 bxa5 0-1

[Event "GER-chT U12 Girls"]
[Site "Willingen"]
[Date "2022.08.15"]
[Round "5.1"]
[White "Achilles, Rosa"]
[Black "Sayouf, Rafif"]
[Result "1-0"]
[WhiteElo "1026"]
[BlackElo "1102"]
[PlyCount "115"]
[EventDate "2022.08.13"]
[EventType "team-swiss"]
[EventRounds "7"]
[EventCountry "GER"]
[SourceTitle "EXT 2023"]
[Source "ChessBase"]
[SourceDate "2022.10.05"]
[SourceVersion "1"]
[SourceVersionDate "2022.10.05"]
[SourceQuality "1"]
[WhiteTeam "Paderborn"]
[BlackTeam "Chemnitz USG"]
[WhiteTeamCountry "GER"]
[BlackTeamCountry "GER"]

1. d4 d5 2. Nf3 Nf6 3. g3 Bf5 4. Bg2 Nc6 5. a3 e6 6. 0-0 h6 7. c4 dxc4 8. Be3 Bd6 9. Qa4 0-0 10. Qxc4 Be4 11. Nc3 b6 12. Nxe4 Na5 13. Nxf6+ Qxf6 14. Qc2 Rac8 15. Nd2 c5 16. Ne4 Qe7 17. Nxd6 Qxd6 18. dxc5 bxc5 19. Qc3 Qb6 20. b4 Nb7 21. Bxb7 Qxb7 22. bxc5 Qb5 23. Rfe1 Rfe8 24. Qb4 Qc6 25. Red1 Qc7 26. Rac1 Qe7 27. c6 Qf6 28. c7 e5 29. Bxa7 Qa6 30. Be3 Qxe2 31. Re1 Qf3 32. h3 Re6 33. Red1 Ree8 34. Qg4 Qf6 35. Qc4 Qf3 36. Rd7 Qf6 37. Rcd1 e4 38. Bd4 Qf3 39. Ba1 e3 40. Rf1 e2 41. Re1 Qf5 42. Qc3 f6 43. Qc4+ Kh8 44. Qd4 Qa5 45. Qc3 Qb5 46. Qd3 Qa5 47. Rxe2 Rf8 48. Ree7 Qg5 49. f4 Qc5+ 50. Bd4 Qc1+ 51. Kh2 Rg8 52. Bxf6 Qc5 53. Bxg7+ Rxg7 54. Rxg7 Qf2+ 55. Kh1 Qe1+ 56. Kg2 Qe2+ 57. Qxe2 Rxc7 58. Qe8# 1-0

[Event "GER-chT U12 Girls"]
[Site "Willingen"]
[Date "2022.08.13"]
[Round "2.2"]
[White "Sayouf, Rafif"]
[Black "Grey, Paula"]
[Result "1-0"]
[WhiteElo "1102"]
[BlackElo "854"]
[PlyCount "47"]
[EventDate "2022.08.13"]
[EventType "team-swiss"]
[EventRounds "7"]
[EventCountry "GER"]
[SourceTitle "EXT 2023"]
[Source "ChessBase"]
[SourceDate "2022.10.05"]
[SourceVersion "1"]
[SourceVersionDate "2022.10.05"]
[SourceQuality "1"]
[WhiteTeam "Chemnitz USG"]
[BlackTeam "Bayern Muenchen"]
[WhiteTeamCountry "GER"]
[BlackTeamCountry "GER"]

1. e4 e5 2. Nf3 Nc6 3. Bc4 Bc5 4. Nc3 Nf6 5. d3 0-0 6. Bg5 d6 7. Nd5 Bg4 8. h3 Bd7 9. Nxf6+ gxf6 10. Bh4 Nd4 11. 0-0 Kh8 12. c3 Nc6 13. d4 exd4 14. Nxd4 Nxd4 15. cxd4 Bb6 16. e5 Kg8 17. Bxf6 Qe8 18. exd6 cxd6 19. Re1 Qb8 20. Qf3 d5 21. Be5 Qd8 22. Qg3+ Bg4 23. Qxg4+ Qg5 24. Qxg5# 1-0